| 000 | 00532nam a2200181 i 4500 | ||
|---|---|---|---|
| 001 | 29282 | ||
| 003 | ES-MaACL | ||
| 005 | 20230906154014.0 | ||
| 007 | t| | ||
| 008 | 030121s1965 sp ||||1| spa d | ||
| 100 | 1 |
_aBariety, M. _925649 |
|
| 245 | 1 | 0 |
_aNosología / _cpor M. Bariety y R. Bonniot ; versión H. Bozzi de Pelèz. |
| 260 |
_aBarcelona : _bToray Masson, _c[1965] |
||
| 300 |
_aXVI, 532 p. ; _c25 cm. |
||
| 700 | 1 |
_aBonniot, R. _930285 |
|
| 700 | 1 |
_aBozzi de Pélaez, H. _9126139 |
|
| 852 |
_aES-MaACL _jC-28007 _bR.56885 |
||
| 999 |
_c29282 _d29282 |
||